[Event "Senior Women Russian Championship 2022_HL"]
[Site "Saint-Petersburg, Russia"]
[Date "2022.10.01"]
[Round "8.6"]
[White "Mednikova, Svetlana"]
[Black "Saunina, Ludmila"]
[Result "1/2-1/2"]
[TimeControl "Standard: 90min/40moves+30min/end+30sec increment per move starting from move 1"]
[WhiteElo "2092"]
[BlackElo "1902"]

1. e4 {[%clk 01:30:56]} e6 {[%clk 01:30:56]} {[%emt 00:00:05]} 2. d4 {[%clk
01:31:16]} {[%emt 00:00:10]} d5 {[%clk 01:31:21]} {[%emt 00:00:05]} 3. Nc3
{[%clk 01:31:26]} {[%emt 00:00:19]} Nf6 {[%clk 01:31:47]} {[%emt 00:00:05]} 4.
e5 {[%clk 01:31:30]} {[%emt 00:00:27]} Nfd7 {[%clk 01:32:13]} {[%emt 00:00:04]}
5. f4 {[%clk 01:31:21]} {[%emt 00:00:38]} c5 {[%clk 01:32:39]} {[%emt
00:00:04]} 6. Nf3 {[%clk 01:31:35]} {[%emt 00:00:16]} Nc6 {[%clk 01:33:06]}
{[%emt 00:00:04]} 7. Be3 {[%clk 01:31:06]} {[%emt 00:00:58]} a6 {[%clk
01:33:32]} {[%emt 00:00:05]} 8. Qd2 {[%clk 01:30:00]} {[%emt 00:01:36]} b5
{[%clk 01:33:36]} {[%emt 00:00:25]} 9. dxc5 {[%clk 01:25:38]} {[%emt 00:04:51]}
Bxc5 {[%clk 01:33:46]} {[%emt 00:00:22]} 10. Bd3 {[%clk 01:25:37]} {[%emt
00:00:30]} Qb6 {[%clk 01:31:57]} {[%emt 00:02:20]} 11. Bf2 {[%clk 01:20:44]}
{[%emt 00:05:22]} Bb7 {[%clk 01:25:18]} {[%emt 00:07:09]} 12. O-O {[%clk
01:15:50]} {[%emt 00:05:23]} g6 {[%clk 01:18:44]} {[%emt 00:07:06]} 13. a3
{[%clk 01:06:30]} {[%emt 00:09:50]} Bxf2+ {[%clk 01:14:34]} {[%emt 00:04:39]}
14. Qxf2 {[%clk 01:06:32]} {[%emt 00:00:27]} Qxf2+ {[%clk 01:14:46]} {[%emt
00:00:19]} 15. Kxf2 {[%clk 01:05:02]} {[%emt 00:02:00]} Rc8 {[%clk 01:14:30]}
{[%emt 00:00:47]} 16. Ne2 {[%clk 01:04:23]} {[%emt 00:01:08]} Ke7 {[%clk
01:10:09]} {[%emt 00:04:53]} 17. Ned4 {[%clk 01:03:06]} {[%emt 00:01:46]} Rhf8
{[%clk 01:08:44]} {[%emt 00:01:55]} 18. Nxc6+ {[%clk 00:52:22]} {[%emt
00:11:14]} Bxc6 {[%clk 01:08:26]} {[%emt 00:00:48]} 19. Rfe1 {[%clk 00:50:59]}
{[%emt 00:01:53]} f6 {[%clk 01:03:13]} {[%emt 00:05:44]} 20. exf6+ {[%clk
00:50:47]} {[%emt 00:00:41]} Rxf6 {[%clk 01:03:38]} {[%emt 00:00:05]} 21. g3
{[%clk 00:50:39]} {[%emt 00:00:38]} h6 {[%clk 00:59:10]} {[%emt 00:04:58]} 22.
h4 {[%clk 00:48:23]} {[%emt 00:02:46]} Nc5 {[%clk 00:59:03]} {[%emt 00:00:37]}
23. Ke3 {[%clk 00:43:30]} {[%emt 00:05:23]} Kd6 {[%clk 00:47:18]} {[%emt
00:12:15]} 24. c3 {[%clk 00:31:05]} {[%emt 00:12:55]} Nxd3 {[%clk 00:43:13]}
{[%emt 00:04:35]} 25. Kxd3 {[%clk 00:30:28]} {[%emt 00:01:08]} Bd7 {[%clk
00:43:41]} {[%emt 00:00:01]} 26. Re5 {[%clk 00:29:26]} {[%emt 00:01:31]} a5
{[%clk 00:42:12]} {[%emt 00:02:01]} 27. Nd4 {[%clk 00:27:58]} {[%emt 00:01:57]}
Rg8 {[%clk 00:40:16]} {[%emt 00:02:26]} 28. Rae1 {[%clk 00:27:14]} {[%emt
00:01:13]} a4 {[%clk 00:39:55]} {[%emt 00:00:53]} 29. Nf3 {[%clk 00:21:27]}
{[%emt 00:06:16]} Rf5 {[%clk 00:38:00]} {[%emt 00:02:25]} 30. R5e3 {[%clk
00:20:39]} {[%emt 00:01:18]} Rf6 {[%clk 00:37:22]} {[%emt 00:01:09]} 31. Ne5
{[%clk 00:17:05]} {[%emt 00:04:03]} h5 {[%clk 00:25:35]} {[%emt 00:12:17]} 32.
Nf3 {[%clk 00:15:09]} {[%emt 00:02:26]} Rc8 {[%clk 00:22:36]} {[%emt 00:03:29]}
33. Re5 {[%clk 00:14:20]} {[%emt 00:01:18]} Rf5 {[%clk 00:21:05]} {[%emt
00:02:02]} 34. Nd4 {[%clk 00:11:15]} {[%emt 00:03:35]} Rf6 {[%clk 00:20:53]}
{[%emt 00:00:42]} 35. Rg5 {[%clk 00:10:36]} {[%emt 00:01:08]} Rcf8 {[%clk
00:18:45]} {[%emt 00:02:39]} 36. Nf3 {[%clk 00:10:13]} {[%emt 00:00:53]} Rg8
{[%clk 00:17:37]} {[%emt 00:01:38]} 37. Rge5 {[%clk 00:08:44]} {[%emt
00:01:59]} Rc8 {[%clk 00:16:53]} {[%emt 00:01:15]} 38. Ng5 {[%clk 00:08:21]}
{[%emt 00:00:53]} Re8 {[%clk 00:15:39]} {[%emt 00:01:43]} 39. Kd4 {[%clk
00:05:31]} {[%emt 00:03:19]} Rc8 {[%clk 00:15:11]} {[%emt 00:00:59]} 40. Rd1
{[%clk 00:34:02]} {[%emt 00:01:59]} Rc4+ {[%clk 00:44:35]} {[%emt 00:01:06]} 41.
Kd3 {[%clk 00:33:30]} {[%emt 00:01:02]} Rf5 {[%clk 00:42:22]} {[%emt 00:02:44]}
42. Nf3 {[%clk 00:32:37]} {[%emt 00:01:22]} Rc8 {[%clk 00:41:48]} {[%emt
00:01:04]} 43. Rde1 {[%clk 00:30:42]} {[%emt 00:02:24]} Rf6 {[%clk 00:39:37]}
{[%emt 00:02:42]} 44. Ke3 {[%clk 00:23:53]} {[%emt 00:07:19]} Rcf8 {[%clk
00:36:08]} {[%emt 00:03:59]} 45. Rg5 {[%clk 00:20:13]} {[%emt 00:04:10]} Rc8
{[%clk 00:32:00]} {[%emt 00:04:38]} 46. Ne5 {[%clk 00:18:16]} {[%emt 00:02:27]}
Be8 {[%clk 00:30:29]} {[%emt 00:02:02]} 47. g4 {[%clk 00:14:59]} {[%emt
06:03:46]} hxg4 {[%clk 00:29:59]} {[%emt 00:01:00]} 48. Rg1 {[%clk 00:12:02]}
{[%emt 00:03:26]} Rc7 {[%clk 00:29:50]} {[%emt 00:00:40]} 49. R5xg4 {[%clk
00:07:14]} {[%emt 00:05:18]} Rh7 {[%clk 00:29:58]} {[%emt 00:00:22]} 50. Nf3
{[%emt 00:04:01]} Ke5 {[%clk 00:29:34]} 51. Ke4+ 1/2-1/2

[Event "Senior Women Russian Championship 2022_HL"]
[Site "Saint-Petersburg, Russia"]
[Date "2022.10.01"]
[Round "8.7"]
[White "Vasiukova, Ekaterina"]
[Black "Sorokina, Tamara"]
[Result "1/2-1/2"]
[TimeControl "Standard: 90min/40moves+30min/end+30sec increment per move starting from move 1"]
[WhiteElo "1675"]
[BlackElo "2028"]

1. d4 {[%clk 01:30:58]} c5 {[%clk 01:30:53]} {[%emt 00:00:06]} 2. c3 {[%clk
01:30:59]} {[%emt 00:00:29]} Nf6 {[%clk 01:30:46]} {[%emt 00:00:37]} 3. Nf3
{[%clk 01:29:30]} {[%emt 00:02:00]} e6 {[%clk 01:31:09]} {[%emt 00:00:07]} 4.
Bf4 {[%clk 01:28:23]} {[%emt 00:01:37]} cxd4 {[%clk 01:30:51]} {[%emt
00:00:49]} 5. Nxd4 {[%clk 01:27:38]} {[%emt 00:01:14]} a6 {[%clk 01:31:06]}
{[%emt 00:00:16]} 6. e3 {[%clk 01:27:28]} {[%emt 00:00:39]} d5 {[%clk
01:31:06]} {[%emt 00:00:30]} 7. Nd2 {[%clk 01:22:03]} {[%emt 00:05:55]} Nbd7
{[%clk 01:31:16]} {[%emt 00:00:20]} 8. N2f3 {[%clk 01:21:47]} {[%emt 00:00:47]}
Be7 {[%clk 01:29:50]} {[%emt 00:01:55]} 9. Be2 {[%clk 01:18:18]} {[%emt
00:03:59]} Nh5 {[%clk 01:28:13]} {[%emt 00:02:07]} 10. Bg3 {[%clk 01:16:57]}
{[%emt 00:01:51]} Nxg3 {[%clk 01:28:28]} {[%emt 00:00:15]} 11. hxg3 {[%clk
01:17:21]} {[%emt 00:00:07]} h6 {[%clk 01:28:54]} {[%emt 00:00:04]} 12. a4
{[%clk 01:13:32]} {[%emt 00:04:19]} Qc7 {[%clk 01:28:36]} {[%emt 00:00:47]} 13.
g4 {[%clk 01:12:04]} {[%emt 00:01:59]} Nc5 {[%clk 01:27:33]} {[%emt 00:01:33]}
14. Nd2 {[%clk 01:06:03]} {[%emt 00:06:31]} Bd7 {[%clk 01:26:17]} {[%emt
00:01:46]} 15. a5 {[%clk 01:01:56]} {[%emt 00:04:37]} g6 {[%clk 01:21:50]}
{[%emt 00:04:56]} 16. f4 {[%clk 00:42:38]} {[%emt 00:19:48]} e5 {[%clk
01:21:51]} {[%emt 00:00:29]} 17. fxe5 {[%clk 00:40:44]} {[%emt 00:02:25]} Qxe5
{[%clk 01:22:10]} {[%emt 00:00:11]} 18. Rh3 {[%clk 00:40:18]} {[%emt 00:00:55]}
h5 {[%clk 01:18:20]} {[%emt 00:04:19]} 19. Nf1 {[%clk 00:39:41]} {[%emt
00:01:09]} hxg4 {[%clk 01:17:19]} {[%emt 00:01:32]} 20. Rxh8+ {[%clk 00:38:16]}
{[%emt 00:01:54]} Qxh8 {[%clk 01:17:47]} {[%emt 00:00:02]} 21. Kd2 {[%clk
00:34:02]} {[%emt 00:04:44]} Ne4+ {[%clk 01:16:24]} {[%emt 00:01:52]} 22. Kc1
{[%clk 00:32:58]} {[%emt 00:01:34]} Qf6 {[%clk 01:11:43]} {[%emt 00:05:11]} 23.
Qe1 {[%clk 00:31:32]} {[%emt 00:01:55]} Rc8 {[%clk 01:08:10]} {[%emt 00:04:04]}
24. Nh2 {[%clk 00:30:32]} {[%emt 00:01:29]} Qg5 {[%clk 01:04:22]} {[%emt
00:04:19]} 25. Nf1 {[%clk 00:30:35]} {[%emt 00:00:26]} f5 {[%clk 01:03:48]}
{[%emt 00:01:05]} 26. g3 {[%clk 00:30:46]} {[%emt 00:00:19]} Bd6 {[%clk
01:03:39]} {[%emt 00:00:40]} 27. Kc2 {[%clk 00:30:44]} {[%emt 00:00:32]} Qf6
{[%clk 00:59:48]} {[%emt 00:04:21]} 28. Bd3 {[%clk 00:29:36]} {[%emt 00:01:38]}
Nc5 {[%clk 00:57:28]} {[%emt 00:02:50]} 29. Kd2 {[%clk 00:27:53]} {[%emt
00:02:11]} Kf7 {[%clk 00:57:24]} {[%emt 00:00:36]} 30. Qf2 {[%clk 00:25:47]}
{[%emt 00:02:35]} Be5 {[%clk 00:56:52]} {[%emt 00:01:02]} 31. Bc2 {[%clk
00:24:48]} {[%emt 00:01:29]} Ne4+ {[%clk 00:48:54]} {[%emt 00:08:29]} 32. Bxe4
{[%clk 00:24:54]} {[%emt 00:00:24]} dxe4 {[%clk 00:49:16]} {[%emt 00:00:08]} 33.
Ra3 {[%clk 00:21:50]} {[%emt 00:03:32]} b5 {[%clk 00:44:23]} {[%emt 00:05:25]}
34. axb6 {[%clk 00:18:47]} {[%emt 00:03:34]} Qxb6 {[%clk 00:43:52]} {[%emt
00:01:00]} 35. Rb3 {[%clk 00:18:45]} {[%emt 00:00:31]} Qc7 {[%clk 00:43:35]}
{[%emt 00:00:46]} 36. Qe2 {[%clk 00:15:16]} {[%emt 00:04:01]} Bxd4 {[%clk
00:42:10]} {[%emt 00:01:55]} 37. exd4 {[%clk 00:14:59]} {[%emt 00:00:47]} Bb5
{[%clk 00:42:34]} {[%emt 00:00:06]} 38. Rxb5 {[%clk 00:13:53]} {[%emt
00:01:36]} axb5 {[%clk 00:42:57]} {[%emt 00:00:07]} 39. Qxb5 {[%clk 00:14:10]}
{[%emt 00:00:12]} Rb8 {[%clk 00:41:40]} {[%emt 00:01:47]} 40. Qd5+ {[%clk
00:43:31]} {[%emt 00:01:09]} Kg7 {[%clk 01:12:03]} {[%emt 00:00:07]} 41. b3
{[%clk 00:42:17]} {[%emt 00:01:45]} f4 {[%clk 01:10:31]} {[%emt 00:02:01]} 42.
Qxe4 {[%clk 00:41:55]} {[%emt 00:00:52]} fxg3 {[%clk 01:10:39]} {[%emt
00:00:23]} 43. Qxg4 {[%clk 00:41:09]} {[%emt 00:01:16]} Rxb3 {[%clk 01:10:43]}
{[%emt 00:00:25]} 44. Qxg3 {[%clk 00:41:10]} {[%emt 00:00:29]} Rb2+ {[%clk
01:09:53]} {[%emt 00:01:21]} 45. Kd3 {[%clk 00:41:20]} {[%emt 00:00:20]} Qf7
{[%clk 01:08:10]} {[%emt 00:02:12]} 46. Qe5+ {[%clk 00:38:42]} {[%emt
00:03:08]} Kh7 {[%clk 01:08:20]} {[%emt 00:00:20]} 47. Ne3 {[%clk 00:38:27]}
{[%emt 00:00:46]} Qf3 {[%clk 01:07:12]} {[%emt 00:01:37]} 48. Qe7+ {[%clk
00:37:51]} {[%emt 00:01:06]} Kh6 {[%clk 01:07:03]} {[%emt 00:00:37]} 49. Qh4+
{[%clk 00:37:50]} {[%emt 00:00:32]} Kg7 {[%clk 01:07:25]} {[%emt 00:00:09]} 50.
Qe7+ {[%clk 00:37:58]} {[%emt 00:00:21]} 1/2-1/2

[Event "Senior Women Russian Championship 2022_HL"]
[Site "Saint-Petersburg, Russia"]
[Date "2022.10.01"]
[Round "8.8"]
[White "Chernikova, Svetlana"]
[Black "Kuznetsova, Luba"]
[Result "1-0"]
[TimeControl "Standard: 90min/40moves+30min/end+30sec increment per move starting from move 1"]
[WhiteElo "2008"]
[BlackElo "1935"]

1. e4 {[%clk 01:30:56]} {[%emt 00:00:03]} c5 {[%clk 01:30:48]} {[%emt
00:00:12]} 2. g3 {[%clk 01:31:12]} {[%emt 00:00:14]} Nc6 {[%clk 01:30:51]}
{[%emt 00:00:27]} 3. Bg2 {[%clk 01:31:24]} {[%emt 00:00:18]} g6 {[%clk
01:31:12]} {[%emt 00:00:09]} 4. d3 {[%clk 01:30:49]} {[%emt 00:01:06]} Bg7
{[%clk 01:31:23]} {[%emt 00:00:18]} 5. f4 {[%clk 01:30:40]} {[%emt 00:00:39]}
d6 {[%clk 01:31:04]} {[%emt 00:00:49]} 6. Nf3 {[%clk 01:28:58]} {[%emt
00:02:12]} e6 {[%clk 01:27:48]} {[%emt 00:03:46]} 7. c3 {[%clk 01:27:24]}
{[%emt 00:02:04]} Nge7 {[%clk 01:27:23]} {[%emt 00:00:55]} 8. Be3 {[%clk
01:25:05]} {[%emt 00:02:50]} O-O {[%clk 01:22:51]} {[%emt 00:05:01]} 9. O-O
{[%clk 01:24:58]} {[%emt 00:00:37]} b6 {[%clk 01:20:17]} {[%emt 00:03:04]} 10.
Bf2 {[%clk 01:12:15]} {[%emt 00:13:13]} Bb7 {[%clk 01:08:49]} {[%emt 00:11:58]}
11. a4 {[%clk 01:10:26]} {[%emt 00:02:20]} Qc7 {[%clk 01:02:03]} {[%emt
00:07:16]} 12. Na3 {[%clk 01:09:35]} {[%emt 00:01:21]} a6 {[%clk 01:02:14]}
{[%emt 00:00:19]} 13. Rc1 {[%clk 01:08:33]} {[%emt 00:01:32]} d5 {[%clk
00:58:33]} {[%emt 00:04:11]} 14. e5 {[%clk 01:06:39]} {[%emt 00:02:24]} Qd8
{[%clk 00:47:32]} {[%emt 00:11:30]} 15. b3 {[%clk 01:04:31]} {[%emt 00:02:38]}
Re8 {[%clk 00:39:45]} {[%emt 00:08:17]} 16. Qd2 {[%clk 00:59:51]} {[%emt
00:05:11]} Na5 {[%clk 00:32:15]} {[%emt 00:07:59]} 17. Qb2 {[%clk 00:54:28]}
{[%emt 00:05:52]} Nac6 {[%clk 00:28:02]} {[%emt 00:04:44]} 18. Rfd1 {[%clk
00:53:40]} {[%emt 00:01:18]} Bf8 {[%clk 00:27:19]} {[%emt 00:01:13]} 19. d4
{[%clk 00:48:23]} {[%emt 00:05:48]} cxd4 {[%clk 00:26:13]} {[%emt 00:01:36]} 20.
c4 {[%clk 00:44:50]} {[%emt 00:04:03]} Nf5 {[%clk 00:23:57]} {[%emt 00:02:46]}
21. cxd5 {[%clk 00:38:48]} {[%emt 00:06:31]} exd5 {[%clk 00:23:07]} {[%emt
00:01:21]} 22. Nc2 {[%clk 00:38:36]} {[%emt 00:00:42]} Ne3 {[%clk 00:21:48]}
{[%emt 00:01:49]} 23. Nxe3 {[%clk 00:37:48]} {[%emt 00:01:18]} dxe3 {[%clk
00:22:10]} {[%emt 00:00:07]} 24. Bxe3 {[%clk 00:38:10]} {[%emt 00:00:09]} Nb4
{[%clk 00:22:19]} {[%emt 00:00:21]} 25. Qf2 {[%clk 00:35:04]} {[%emt 00:03:35]}
b5 {[%clk 00:20:34]} {[%emt 00:02:16]} 26. Bb6 {[%clk 00:34:22]} {[%emt
00:01:12]} Qb8 {[%clk 00:21:01]} {[%emt 00:00:04]} 27. a5 {[%clk 00:29:17]}
{[%emt 00:05:36]} Rc8 {[%clk 00:17:52]} {[%emt 00:03:38]} 28. Qd2 {[%clk
00:28:54]} {[%emt 00:00:53]} Rxc1 {[%clk 00:15:47]} {[%emt 00:02:34]} 29. Rxc1
{[%clk 00:28:51]} {[%emt 00:00:34]} Qe8 {[%clk 00:14:49]} {[%emt 00:01:27]} 30.
Rc7 {[%clk 00:27:22]} {[%emt 00:01:59]} Bc8 {[%clk 00:14:35]} {[%emt 00:00:44]}
31. Nd4 {[%clk 00:21:01]} {[%emt 00:06:52]} Be6 {[%clk 00:13:59]} {[%emt
00:01:06]} 32. Qc3 {[%clk 00:15:48]} {[%emt 00:05:42]} Rc8 {[%clk 00:12:55]}
{[%emt 00:01:35]} 33. Nxe6 {[%clk 00:15:13]} {[%emt 00:01:05]} 1-0

[Event "Senior Women Russian Championship 2022_HL"]
[Site "Saint-Petersburg, Russia"]
[Date "2022.10.01"]
[Round "8.9"]
[White "Ovsiannikova, Tatiana"]
[Black "Titorenko, Natalia I"]
[Result "1/2-1/2"]
[TimeControl "Standard: 90min/40moves+30min/end+30sec increment per move starting from move 1"]
[WhiteElo "2009"]
[BlackElo "2024"]

1. d4 {[%clk 01:30:56]} {[%emt 00:00:02]} Nf6 {[%clk 01:30:58]} {[%emt
00:00:02]} 2. c4 {[%clk 01:30:58]} {[%emt 00:00:29]} e6 {[%clk 01:31:27]}
{[%emt 00:00:01]} 3. Bg5 {[%clk 01:31:02]} {[%emt 00:00:25]} h6 {[%clk
01:31:33]} {[%emt 00:00:24]} 4. Bh4 {[%clk 01:30:17]} {[%emt 00:01:16]} d5
{[%clk 01:31:08]} {[%emt 00:00:55]} 5. e3 {[%clk 01:30:17]} {[%emt 00:00:30]}
Bb4+ {[%clk 01:26:10]} {[%emt 00:05:28]} 6. Nd2 {[%clk 01:29:57]} {[%emt
00:00:50]} g5 {[%clk 01:25:54]} {[%emt 00:00:46]} 7. Bg3 {[%clk 01:30:09]}
{[%emt 00:00:17]} Ne4 {[%clk 01:24:42]} {[%emt 00:01:42]} 8. Ngf3 {[%clk
01:30:10]} {[%emt 00:00:29]} h5 {[%clk 01:23:14]} {[%emt 00:01:58]} 9. h3
{[%clk 01:30:11]} {[%emt 00:00:29]} Nxg3 {[%clk 01:19:20]} {[%emt 00:04:24]} 10.
fxg3 {[%clk 01:30:11]} {[%emt 00:00:31]} Bd6 {[%clk 01:18:19]} {[%emt
00:01:31]} 11. Kf2 {[%clk 01:29:18]} {[%emt 00:01:23]} h4 {[%clk 00:56:20]}
{[%emt 00:22:29]} 12. gxh4 {[%clk 01:28:08]} {[%emt 00:01:40]} gxh4 {[%clk
00:56:48]} {[%emt 00:00:02]} 13. Bd3 {[%clk 01:27:17]} {[%emt 00:01:21]} c5
{[%clk 00:52:19]} {[%emt 00:05:00]} 14. dxc5 {[%clk 01:22:12]} {[%emt
00:05:35]} Bxc5 {[%clk 00:51:24]} {[%emt 00:01:26]} 15. Nb3 {[%clk 01:22:24]}
{[%emt 00:00:17]} Bb6 {[%clk 00:45:53]} {[%emt 00:06:01]} 16. c5 {[%clk
01:19:38]} {[%emt 00:03:15]} Bc7 {[%clk 00:46:19]} {[%emt 00:00:05]} 17. Ke2
{[%clk 01:13:14]} {[%emt 00:06:54]} Rg8 {[%clk 00:45:09]} {[%emt 00:01:40]} 18.
Rg1 {[%clk 01:13:04]} {[%emt 00:00:39]} Nc6 {[%clk 00:41:48]} {[%emt 00:03:52]}
19. Bb5 {[%clk 01:10:21]} {[%emt 00:03:12]} e5 {[%clk 00:38:28]} {[%emt
00:03:51]} 20. Qc2 {[%clk 01:08:14]} {[%emt 00:02:36]} f5 {[%clk 00:36:07]}
{[%emt 00:02:52]} 21. Raf1 {[%clk 01:06:47]} {[%emt 00:01:57]} Qe7 {[%clk
00:31:16]} {[%emt 00:05:21]} 22. Kd1 {[%clk 01:06:07]} {[%emt 00:01:10]} a6
{[%clk 00:28:48]} {[%emt 00:02:58]} 23. Ba4 {[%clk 01:06:02]} {[%emt 00:00:30]}
Bd7 {[%clk 00:22:17]} {[%emt 00:07:05]} 24. Rf2 {[%clk 01:03:54]} {[%emt
00:02:38]} O-O-O {[%clk 00:14:18]} {[%emt 00:08:29]} 25. a3 {[%clk 01:03:06]}
{[%emt 00:01:19]} Kb8 {[%clk 00:13:20]} {[%emt 00:01:28]} 26. Qd2 {[%clk
00:57:49]} {[%emt 00:05:46]} d4 {[%clk 00:10:17]} {[%emt 00:03:33]} 27. Kc1
{[%clk 00:56:32]} {[%emt 00:01:47]} Na5 {[%clk 00:03:52]} {[%emt 00:06:57]} 28.
Qb4 {[%clk 00:53:56]} {[%emt 00:03:05]} Bxa4 {[%clk 00:02:35]} {[%emt
00:01:48]} 29. Nxa5 {[%clk 00:53:32]} {[%emt 00:00:52]} Bxa5 {[%clk 00:02:57]}
{[%emt 00:00:09]} 30. Qxa5 {[%emt 00:01:57]} dxe3 {[%clk 00:02:45]} {[%emt
00:00:20]} 31. Re2 {[%clk 00:52:02]} {[%emt 00:00:53]} Bc6 {[%clk 00:02:37]}
{[%emt 00:00:40]} 32. Rxe3 {[%clk 00:51:59]} {[%emt 00:00:33]} Bxf3 {[%clk
00:02:01]} {[%emt 00:01:06]} 33. Rxf3 {[%clk 00:52:00]} {[%emt 00:00:29]} Rd5
{[%clk 00:02:01]} {[%emt 00:00:30]} 34. Rc3 {[%clk 00:49:05]} {[%emt 00:03:24]}
Rg3 {[%clk 00:02:13]} {[%emt 00:00:18]} 35. Rc2 {[%clk 00:48:41]} {[%emt
00:00:55]} Qc7 {[%clk 00:01:47]} {[%emt 00:00:56]} 36. Qb4 {[%clk 00:48:48]}
{[%emt 00:00:23]} Rd4 {[%clk 00:01:59]} {[%emt 00:00:19]} 37. Rc4 {[%clk
00:45:52]} {[%emt 00:03:25]} Rgd3 {[%clk 00:01:52]} {[%emt 00:00:36]} 38. Kb1
{[%clk 00:42:06]} {[%emt 00:04:16]} Qc6 {[%clk 00:01:10]} {[%emt 00:01:12]} 39.
Rgc1 {[%clk 00:40:28]} {[%emt 00:02:09]} f4 {[%clk 00:00:31]} {[%emt 00:01:09]}
40. Qe1 {[%clk 01:07:21]} {[%emt 00:03:36]} Rxc4 {[%clk 00:30:38]} {[%emt
00:00:23]} 41. Qxe5+ {[%emt 00:00:41]} Ka7 {[%clk 00:21:19]} {[%emt 00:09:47]}
42. Rxc4 {[%clk 01:06:44]} {[%emt 00:00:58]} Qxg2 {[%clk 00:13:38]} {[%emt
00:08:11]} 43. c6 {[%clk 01:00:45]} {[%emt 00:06:29]} bxc6 {[%emt 00:00:07]} 44.
Qc7+ {[%clk 01:00:22]} {[%emt 00:00:51]} Ka8 {[%clk 00:14:31]} {[%emt
00:00:02]} 45. Qxf4 {[%clk 00:55:08]} {[%emt 00:05:44]} Qh1+ {[%clk 00:04:21]}
{[%emt 00:10:40]} 46. Ka2 {[%clk 00:54:29]} {[%emt 00:01:07]} Qd5 {[%emt
00:07:19]} 47. Kb1 {[%clk 00:47:21]} {[%emt 00:00:33]} 1/2-1/2